Súčasný stav a perspektívy odpadového hospodárstva
Princípy cirkulárnej ekonomiky. Snaha o znižovanie množstva odpadu a zvyšovanie podielu vytriedeného odpadu. Analýza spotrebiteľov z hľadiska postojov k ekologickým produktom. Situácia na Slovensku v oblasti triedenia odpadu v rámci jednotlivých regiónov.
Salvato in:
| Autore principale: | |
|---|---|
| Natura: | Capitolo di libro |
| Lingua: | slovacco |
| Soggetti: | |
| Tags: |
Nessun Tag, puoi essere il primo ad aggiungerne!!
|
MARC
| LEADER | 00000naa$a2200000$$$4500 | ||
|---|---|---|---|
| 001 | 0281467 | ||
| 005 | 20240502074401.6 | ||
| 041 | 0 | |a slo | |
| 044 | |a SK | ||
| 245 | 1 | 0 | |a Súčasný stav a perspektívy odpadového hospodárstva |c Marek Kukura |
| 520 | |a Princípy cirkulárnej ekonomiky. Snaha o znižovanie množstva odpadu a zvyšovanie podielu vytriedeného odpadu. Analýza spotrebiteľov z hľadiska postojov k ekologickým produktom. Situácia na Slovensku v oblasti triedenia odpadu v rámci jednotlivých regiónov. | ||
| 610 | 2 | 0 | |a hospodárstvo obehové |
| 610 | 2 | 0 | |a hospodárstvo odpadové |
| 610 | 2 | 0 | |a marketing |
| 610 | 2 | 0 | |a produkty environmentálne |
| 610 | 2 | 0 | |a recyklácia odpadu |
| 610 | 2 | 0 | |a správanie spotrebiteľa |
| 610 | 2 | 0 | |a Slovensko |
| 100 | 1 | |a Kukura, Marek, 1995- | |